Statistics for Top 50 Most Followed Twitch Streamers

Click here to take the quiz!

General Stats

  • This quiz has been taken 46 times
  • The average score is 7 of 50

Answer Stats

RankFollowersUsernameReal Name% Correct
109.8 mKaiCenatKai Cenat
78%
119.0 mNinjaRichard Blevins
56%
512.0 mxQcFélix Lengyel
54%
129.3 mPokimaneImane Anys
49%
375.5 mJynxziNicholas Stewart
32%
415.3 mNickEh30Nicholas Amyoony
29%
266.7 mNICKMERCSNicholas Kolcheff
29%
197.3 mAdinRossAdin Ross
27%
177.4 mClixCody Conrod
22%
385.3 mLoltyler1Tyler Steinkamp
22%
276.4 mDreamClay
20%
315.6 mIbaiIbai Llanos
20%
217.0 mTimTheTatmanTimothy Betar
20%
425.3 mTubboTobias Smith
20%
296.3 mAMOURANTHKaitlyn Siragusa
17%
910.9 mShroudMichael Grzesiek
17%
711.4 mTfueTurner Tenney
17%
187.4 mTommyinnitThomas Simons
17%
148.9 mSodapoppinThomas Morris
15%
226.9 mSypherPKAli Hassan
15%
157.4 mMythAli Kabbani
12%
414.9 mRubiusRubén Doblas
12%
216.2 mAuronplayRaúl Álvarez
10%
405.3 mMoistcr1tikalCharles White Jr.
10%
256.8 mMongraalKyle Jackson
10%
395.3 mMontanaBlack88Marcel Eris
10%
246.9 mRiot Games-
10%
455.0 mSqueezieLucas Hauchard
10%
464.8 mWilburSootWilliam Gold
10%
335.8 mFortnite-
7%
445.0 mGeorgeNotFoundGeorge Davidson
7%
365.5 mBughaKyle Giersdorf
5%
306.3 mESLCS-
5%
316.3 mSummit1gJaryd Lazar
5%
236.9 mAriGameplaysAbril Garza
2%
435.2 mLoud_coringaVictor Augusto
2%
207.0 mAlanzokaAlan Ferreira
0%
484.7 mDakotazBrett Hoffman
0%
355.6 mEldedVictor Calderón
0%
119.5 mElMarianaOsvaldo Palacios
0%
494.6 mELRAENNTuğkan Gönültaş
0%
139.2 mElSpreenIván Buhajeruk
0%
167.4 mHeelmikeMichael Peters
0%
811.2 mJuansguarnizoJuan Guarnizo
0%
286.3 mQuackityAlexis
0%
504.6 mQuackityTooAlexis
0%
326.0 mRivers_ggSamantha Rivera
0%
345.8 mRobleisTomás Arbillaga
0%
474.8 mSLAKUN10Sergio Agüero
0%
611.9 mTheGrefgDavid Cánovas
0%

Score Distribution

Percentile by Number Answered

Percent of People with Each Score

Your Score History

You have not taken this quiz